Catálogo
 En Linea

Buzón de preguntas : (Registro nro. 2203)

Detalles MARC
000 -CABECERA
campo de control de longitud fija 00908cam a2200241 a 4500
001 - NÚMERO DE CONTROL
campo de control 000002361
005 - FECHA Y HORA DE LA ÚLTIMA TRANSACCIÓN
campo de control 20200929150204.0
008 - DATOS DE LONGITUD FIJA--INFORMACIÓN GENERAL
campo de control de longitud fija 790511s1964 sp 001 0 spa
040 ## - FUENTE DE LA CATALOGACIÓN
Centro catalogador/agencia de origen DO-SdBNP
Lengua de catalogación spa
Centro/agencia transcriptor BNPHU
041 17 - CÓDIGO DE LENGUA
Código de lengua del texto/banda sonora o título independiente spa
Código de lengua original eng
082 ## - NÚMERO DE LA CLASIFICACIÓN DECIMAL DEWEY
Número de clasificación 230.2
Número de documento/Ítem C767b, 1964
100 1# - ENTRADA PRINCIPAL--NOMBRE DE PERSONA
Nombre de persona Conway, Bertrand L.
Fechas asociadas al nombre 1872-1959.
9 (RLIN) 7505
245 14 - MENCIÓN DE TÍTULO
Título Buzón de preguntas :
Resto del título objeciones contra la religión mas corrientes en nuestros días /
Mención de responsabilidad, etc. Bertrand L. Conway; traducción, Segundo Llorente.
250 ## - MENCIÓN DE EDICIÓN
Mención de edición 8a ed.
260 ## - PUBLICACIÓN, DISTRIBUCIÓN, ETC.
Lugar de publicación, distribución, etc. Madrid :
Nombre del editor, distribuidor, etc. Razón y Fe,
Fecha de publicación, distribución, etc. 1964.
300 ## - DESCRIPCIÓN FÍSICA
Extensión 486 p. ;
Dimensiones 17 cm.
490 1# - MENCIÓN DE SERIE
Mención de serie Biblioteca de Espiritualidad
500 ## - NOTA GENERAL
Nota general Incluye índice de materia y secciones
534 ## - NOTA SOBRE LA VERSIÓN ORIGINAL
Encabezamiento principal del original Título original : The question-box
610 20 - PUNTO DE ACCESO ADICIONAL DE MATERIA--NOMBRE DE ENTIDAD CORPORATIVA
Nombre de entidad corporativa o nombre de jurisdicción como elemento de entrada IGLESIA CATÓLICA
Subdivisión general OBRAS DOCTRINALES Y POLÉMICAS
-- AUTORES CATÓLICOS
9 (RLIN) 7506
700 1# - PUNTO DE ACCESO ADICIONAL--NOMBRE DE PERSONA
Nombre de persona Llorente, Segundo,
Numeración tr.
9 (RLIN) 7507
830 #0 - PUNTO DE ACCESO ADICIONAL DE SERIE-TÍTULO UNIFORME
Título uniforme Biblioteca de Espiritualidad
9 (RLIN) 7508
Existencias
Estado de retiro Estado de pérdida Restricciones de uso No para préstamo Código de colección Localización permanente Ubicación/localización actual Ubicación en estantería Fecha de adquisición Número de inventario Total de préstamos Signatura topográfica completa Código de barras Fecha visto por última vez Precio válido a partir de Tipo de ítem Koha
    Préstamo interno   Monografías: Libros y Folletos General General En catalogación 10.07.2009 LF1   230.2 C767b, 1964 2361-10 25.06.2020 25.06.2020 Préstamo interno

Con tecnología Koha